| 000 | 00756cab a22002175a 4500 | ||
|---|---|---|---|
| 001 | L157442 | ||
| 008 | 121130e20121103xxk 000 0 eng d | ||
| 035 | _a(Sirsi) u157442 | ||
| 041 | 0 | _aeng | |
| 100 | 1 | _aReid, Tim | |
| 245 | 0 | 0 | _aPlaying house |
| 260 | _c2012 | ||
| 490 |
_aEstates Gazette _v(1244) 3 November 2012, 86-88(3) |
||
| 520 | _aA supreme court ruling for the cases, "Day v Hosebay Ltd; Howard de Walden Estates Ltd v Lexgorge Ltd [2012]" has closed the door to opportunistic enfranchisement by commercial tenants. | ||
| 590 | _aKA | ||
| 650 | 2 | 4 | _aDay v Hosebay Ltd; Howard de Walden Estates Ltd v Lexgorge Ltd |
| 651 | 4 | _aUnited Kingdom | |
| 690 |
_aLandlord and tenant _96252 |
||
| 690 |
_aCommercial property _96227 |
||
| 942 | _n0 | ||
| 999 |
_c84386 _d84386 |
||